Návrh postupu riadenia rizík projektu a jeho využitie v malom a strednom podnikaní
Návrh postupu riadenia rizík projektu prostredníctvom integrácie požiadaviek stanovených v medzinárodných normách ISO 31 000 a ISO 21 500, v snahe dosiahnuť efektívnejšiu prípravu preventívnych opatrení na splnenie stanovených cieľov projektu. Možnosti využitia navrhnutého postupu v malom a strednom...
Salvato in:
| Autore principale: | |
|---|---|
| Altri autori: | |
| Natura: | Capitolo di libro |
| Lingua: | slovacco |
| Soggetti: | |
| Tags: |
Nessun Tag, puoi essere il primo ad aggiungerne!!
|
MARC
| LEADER | 00000naa a2200000 4500 | ||
|---|---|---|---|
| 001 | 0241311 | ||
| 005 | 20220718123933.5 | ||
| 041 | 0 | |a slo | |
| 044 | |a SK | ||
| 245 | 1 | 0 | |a Návrh postupu riadenia rizík projektu a jeho využitie v malom a strednom podnikaní |c Matej Masár, Mária Hudáková |
| 520 | |a Návrh postupu riadenia rizík projektu prostredníctvom integrácie požiadaviek stanovených v medzinárodných normách ISO 31 000 a ISO 21 500, v snahe dosiahnuť efektívnejšiu prípravu preventívnych opatrení na splnenie stanovených cieľov projektu. Možnosti využitia navrhnutého postupu v malom a strednom podnikaní na Slovensku. | ||
| 610 | 2 | 0 | |a riadenie rizík |
| 610 | 2 | 0 | |a riadenie projektové |
| 610 | 2 | 0 | |a podnik malý |
| 610 | 2 | 0 | |a podnik stredný |
| 610 | 2 | 0 | |a Slovensko |
| 100 | 1 | |a Masár, Matej | |
| 700 | 1 | |a Hudáková, Mária | |